| 000 | 00736nam a22001577a 4500 | ||
|---|---|---|---|
| 003 | OSt | ||
| 005 | 20151005090347.0 | ||
| 008 | 151005b xxu||||| |||| 00| 0 eng d | ||
| 040 | _cRUA | ||
| 082 | _aAVM KHIU 2002 B073 Or.1 | ||
| 100 |
_92017 _aKHUN, CHOTTEROTH. |
||
| 245 | _aArtificial insemination between jersey and local cows at prek thmey commune kean svay district, kandal province (ការបង្កាត់សិប្បនិម្មិតរវាងJERSEYនិងមេគោក្នុងស្រុកនៅឃុំព្រែកថ្មីស្រុកគៀនស្វាយខេត្តកណ្ដាល) | ||
| 260 |
_aPhnom Penh _bRUA _c2002 |
||
| 300 |
_aix, 41p. _bill. _c29cm. |
||
| 942 |
_2ddc _cAVM |
||
| 999 |
_c1907 _d1907 |
||